00568nam a2200205Ia 4500008004100000020001800041050001800059050001400077100003000091245001100121245006700132245005100199260001300250260001400263260000900277300001600286300002000302300001100322650002900333160418s9999 xx 000 0 und d a971-8905-18-9 aFIL PL 5548.4 b.C36 2001 aCanonigo, Cristina Santos aAMKU : baklat ng magagandang kuwento pambata't matanda… pampamilya / cCristina Santos Canonigo, Teresita C. Basadre. aManila : bCkc Pub., c2001 a120 pages : billustrations ; c18 cm. aShort stories, Filipino.